Statistics for Countries Of Oceania

Click here to take the quiz!

General Stats

  • This quiz has been taken 35 times
  • The average score is 13 of 14

Answer Stats

HintAnswer% Correct
Starts With NNew Zealand
100%
Starts With AAustralia
97%
Starts With FFiji
97%
Starts With KKiribati
97%
Starts With MMicronesia
94%
Starts With SSamoa
94%
Starts With SSolomon Islands
94%
Starts With TTuvalu
94%
Starts With MMarshall Islands
91%
Starts With NNauru
91%
Starts With PPalau
91%
Starts With PPapua New Guinea
91%
Starts With TTonga
88%
Starts With VVanuatu
88%

Score Distribution

Percentile by Number Answered

Percent of People with Each Score

Your Score History

You have not taken this quiz